| 000 | 00613nam a2200169 a 4500 | ||
|---|---|---|---|
| 001 | 000017118 | ||
| 005 | 20200929165028.0 | ||
| 008 | 100317s1990 dr 000 0 spa d | ||
| 040 |
_aDO-SdBNP _bspa _cBNPHU |
||
| 082 |
_axxx _bH519f |
||
| 100 | 1 |
_aHenríquez, Eusebio _925281 |
|
| 245 | 1 | 0 |
_aFactores culturales, sociales y económicos farmacodependencia y narcotrafico en República Dominicana / _cEusebio Henríquez. |
| 260 |
_aSanto Domingo : _bTaller, _c1990. |
||
| 300 |
_a93 p. ; _c22 cm. |
||
| 500 | _aIncluye referencias bibliográficas y notas al pie de las páginas | ||
| 504 | _aBibliografías : p. 91-93 | ||
| 999 |
_c16644 _d16644 |
||